000 00298nam a2200133 i 4500
001 bg
245 0 _aMethods of Mathematical Programming.
260 _aWarszawa :
_bPWN,
_c1981.
040 _cBPK
041 _apol
080 _a519.85
942 _cKS
008 s pl f |000 0 pol
999 _c20451
_d20451
856 _uhttp://koha.tu.koszalin.pl/cgi-bin/koha/opac-detail.pl?biblionumber=20451
_yKatalog online BPK